000 00569nam a2200181 a 4500
008 060316s1983 ||||||||||||||||| || u
020 _a0224021648
050 _aPR 6070.E52W6
100 _aTennant, Emma
245 1 0 _aWoman beware woman /
260 _aLondon :
_bJonathan Cape
_c1983
300 _a176 p.
350 _a0.00
650 _aDEATH--FICTION
650 _aWOMEN--IRELAND--FICTION
650 _aIreland - Fiction
995 _D0.00
_FCBU-MAIN LIBRARY (Kitwe)
_H1
_I7.95
_M1
_UAVAILABLE
_ZFiction Collection
999 _c61823
_d61823